| 000 | 01466nam a22004097a 4500 | ||
|---|---|---|---|
| 003 | OSt | ||
| 005 | 20230518104241.0 | ||
| 008 | 221006b |||||||| |||| 00| 0 eng d | ||
| 040 | _cBiblioteca Lado V | ||
| 082 |
_a701.1 _bS744a |
||
| 100 |
_9795 _aSrendni de Birbragher, Celia _eeditora _edirectora |
||
| 245 | _aArtNexus/ | ||
| 260 |
_bAsociación de Revistas Culturales _c2018 _aCanada _aAmerica Latina _aBrasil |
||
| 300 |
_c24x30cm _a132p. |
||
| 366 | _espa | ||
| 490 |
_a109 _v17 _x0120 713 X |
||
| 505 | _tIvan Argote | ||
| 505 | _tAlmandrade | ||
| 505 | _tSandu Darie | ||
| 505 |
_tBienales _a11 Bienal del Mercosur |
||
| 505 |
_tFotografia _aAbdu Eljaiek |
||
| 505 |
_tExposiciones _aLeon Ferrari Maria Jose Arjona La Metropolis en America Latina 1830-1930 |
||
| 505 | _tCrónicas Individuales | ||
| 505 | _tColectivas | ||
| 505 | _tGuía de Galerías y Museos | ||
| 505 | _tLIbros y Catalogos | ||
| 505 | _tReseñas de libros | ||
| 505 | _tLibros para la Venta | ||
| 650 |
_2Tesauro de Arte & Arquitectura _aARTE _9703 |
||
| 650 |
_2Tesauro de Arte & Arquitectura _aEXPOSICIONES |
||
| 650 |
_2Tesauro de Arte & Arquitectura _aBIENAL |
||
| 650 |
_2Tesauro de Arte & Arquitectura _aAPRECIACION |
||
| 650 |
_2Tesauro de Arte & Arquitectura _aTEORIA |
||
| 650 |
_2Tesauro de Arte & Arquitectura _aCRITICA |
||
| 650 |
_2Tesauro de Arte & Arquitectura _aFOTOGRAFIA _9702 |
||
| 942 |
_2ddc _c1 _h701.1 _iS744a _n0 |
||
| 999 |
_c3616 _d3616 |
||